[Event "Catalunya-chT Gp2"]
[Site "Barcelona"]
[Date "2023.02.25"]
[Round "6.3"]
[White "Vidarte Morales, Arturo"]
[Black "Dominguez Pons, Eric"]
[Result "0-1"]
[WhiteElo "2286"]
[BlackElo "2340"]
[PlyCount "128"]
[EventDate "2023.01.21"]
[EventType "team-tourn"]
[EventRounds "7"]
[EventCountry "ESP"]
[SourceTitle "CBM 213 Extra"]
[Source "ChessBase"]
[SourceDate "2023.05.31"]
[SourceVersion "1"]
[SourceVersionDate "2023.05.31"]
[SourceQuality "1"]
[WhiteTeam "Platja D'Aro"]
[BlackTeam "Sant Andreu"]
[WhiteTeamCountry "ESP"]
[BlackTeamCountry "ESP"]

1. Nf3 Nf6 2. c4 e6 3. Nc3 b6 4. d4 Bb4 5. Bg5 h6 6. Bh4 Bb7 7. e3 g5 8. Bg3 Ne4 9. Qc2 d6 10. Bd3 Bxc3+ 11. bxc3 Nxg3 12. fxg3 Qe7 13. 0-0 Nd7 14. Be4 Bxe4 15. Qxe4 0-0 16. Qc6 Nf6 17. e4 Qd7 18. Qxd7 Nxd7 19. Rae1 Rae8 20. Nd2 Kg7 21. a4 Kg6 22. g4 Nf6 23. h3 h5 24. e5 dxe5 25. Nf3 exd4 26. Ne5+ Kg7 27. cxd4 hxg4 28. hxg4 Rd8 29. d5 exd5 30. Rf5 Nh7 31. Nc6 Rde8 32. Rxe8 Rxe8 33. cxd5 a6 34. a5 bxa5 35. Nxa5 Re4 36. Nc6 Rxg4 37. Rf1 Nf6 38. Rd1 Rc4 39. Ne7 Ng4 40. Ra1 Kf6 41. Nc6 Rc5 42. Nb4 a5 43. Nc6 a4 44. Kf1 Ne3+ 45. Kf2 Nxd5 46. Nd4 Rc4 47. Ne2 Rc2 48. Ke1 Ke5 49. g3 Nc3 50. Nxc3 Rxc3 51. Rxa4 Rxg3 52. Rc4 Rg2 53. Rxc7 f5 54. Kf1 Ra2 55. Rc5+ Kf4 56. Rc4+ Kf3 57. Rc3+ Kg4 58. Kg1 f4 59. Rb3 f3 60. Rb5 Kf4 61. Rc5 g4 62. Rb5 Kg3 63. Rb1 Rg2+ 64. Kh1 Rh2+ 0-1

[Event "Barcelona Sant Marti op 10th"]
[Site "Barcelona"]
[Date "2023.02.09"]
[Round "5"]
[White "Capellades Subirana, Marc"]
[Black "Vidarte Morales, Arturo"]
[Result "1-0"]
[WhiteElo "2207"]
[BlackElo "2286"]
[PlyCount "139"]
[EventDate "2023.01.12"]
[EventType "swiss"]
[EventRounds "9"]
[EventCountry "ESP"]
[SourceTitle "CBM 213 Extra"]
[Source "ChessBase"]
[SourceDate "2023.05.31"]
[SourceVersion "1"]
[SourceVersionDate "2023.05.31"]
[SourceQuality "1"]

1. e4 c5 2. Nf3 d6 3. d4 cxd4 4. Nxd4 Nf6 5. Nc3 Nc6 6. Bb5 Bd7 7. 0-0 g6 8. Be3 Bg7 9. f3 0-0 10. Qd2 Ne5 11. b3 a6 12. Be2 Qa5 13. Rad1 Rfc8 14. Nd5 Nxd5 15. Qxa5 Nxe3 16. Qd2 Nxf1 17. Rxf1 b5 18. f4 Nc6 19. Nxc6 Bxc6 20. Bd3 Be8 21. Qe2 Rc5 22. Rb1 a5 23. a3 b4 24. a4 Rac8 25. g4 g5 26. f5 Bf6 27. Rf1 h6 28. Rf3 Kg7 29. Rh3 Re5 30. Qd2 Bc6 31. Re3 Bb7 32. Qe2 Rec5 33. Rh3 Rc3 34. Rf3 Bd4+ 35. Kf1 R3c5 36. Rh3 Bf6 37. Kg1 R8c7 38. Kf1 Re5 39. Re3 d5 40. exd5 Rxd5 41. Re4 Rcd7 42. Qe3 R5d6 43. Rc4 Ba6 44. Ke2 Bxc4 45. Bxc4 Rd4 46. h3 Rc7 47. Qf3 Rd8 48. Qe3 Bd4 49. Qg3 Rc5 50. h4 Re5+ 51. Kf1 Bc3 52. Bd3 Rd6 53. Qh3 Rd4 54. hxg5 hxg5 55. Qh5 Re1+ 56. Kg2 Bd2 57. f6+ exf6 58. Qh7+ Kf8 59. Qh8+ Ke7 60. Qc8 Bf4 61. Qc5+ Rd6 62. Qxa5 Re3 63. Qf5 Be5 64. a5 Rd4 65. a6 Rg3+ 66. Kf1 Rh3 67. a7 Rh1+ 68. Ke2 Ra1 69. Qc8 Rxa7 70. Qc5+ 1-0

[Event "Catalunya-chT Gp2"]
[Site "Barcelona"]
[Date "2023.01.28"]
[Round "2.3"]
[White "Vidarte Morales, Arturo"]
[Black "Fernandez Diaz, Cristian"]
[Result "1/2-1/2"]
[WhiteElo "2286"]
[BlackElo "2252"]
[PlyCount "145"]
[EventDate "2023.01.21"]
[EventType "team-tourn"]
[EventRounds "7"]
[EventCountry "ESP"]
[SourceTitle "CBM 213 Extra"]
[Source "ChessBase"]
[SourceDate "2023.05.31"]
[SourceVersion "1"]
[SourceVersionDate "2023.05.31"]
[SourceQuality "1"]
[WhiteTeam "Platja D'Aro"]
[BlackTeam "Mollet"]
[WhiteTeamCountry "ESP"]
[BlackTeamCountry "ESP"]

1. d4 Nf6 2. c4 g6 3. Nc3 Bg7 4. e4 d6 5. Nf3 0-0 6. h3 c5 7. d5 e6 8. Bd3 Nbd7 9. 0-0 e5 10. Bg5 h6 11. Be3 Nh7 12. Qd2 f5 13. Bxh6 f4 14. Bxg7 Kxg7 15. Nh2 f3 16. Qe3 Ng5 17. h4 fxg2 18. Kxg2 Nf7 19. Qg3 Rh8 20. Rh1 Qxh4 21. Nf3 Qxg3+ 22. fxg3 Rxh1 23. Rxh1 Nf6 24. a3 Bd7 25. Be2 Ng4 26. Bd3 Rf8 27. Re1 a6 28. Nd1 b5 29. Ne3 Nf6 30. b3 Rb8 31. Rb1 Kf8 32. Nd2 Ng5 33. Re1 Kg7 34. Rh1 Ng4 35. Nxg4 Bxg4 36. Rh4 Bd7 37. Rh1 Rf8 38. Be2 Rb8 39. Bd3 bxc4 40. Bxc4 a5 41. Kf2 Bb5 42. Rc1 Bd7 43. Ke3 Rh8 44. Bd3 Rf8 45. Be2 Rb8 46. Rc3 Nf7 47. Bd1 Bb5 48. a4 Be8 49. Nc4 Ra8 50. Bg4 Kf6 51. Be6 Ke7 52. g4 Ng5 53. Nb6 Ra6 54. Nc4 Nxe6 55. dxe6 Kxe6 56. Rc2 Bf7 57. g5 Ke7 58. Rh2 Bxc4 59. bxc4 Rb6 60. Rh7+ Kf8 61. Rd7 Rb4 62. Rxd6 Rxc4 63. Rxg6 Rxa4 64. Kf3 Rd4 65. Re6 Rd7 66. Rxe5 Rc7 67. Ke3 Kg7 68. Kd3 Kg6 69. Kc4 a4 70. Re6+ Kxg5 71. Ra6 Kf4 72. Rxa4 Kxe4 73. Ra1 1/2-1/2

[Event "Barcelona Sant Marti op 10th"]
[Site "Barcelona"]
[Date "2023.01.19"]
[Round "2"]
[White "Vidarte Morales, Arturo"]
[Black "Padros Martinez, Albert"]
[Result "1-0"]
[WhiteElo "2286"]
[BlackElo "1808"]
[PlyCount "81"]
[EventDate "2023.01.12"]
[EventType "swiss"]
[EventRounds "9"]
[EventCountry "ESP"]
[SourceTitle "CBM 213 Extra"]
[Source "ChessBase"]
[SourceDate "2023.05.31"]
[SourceVersion "1"]
[SourceVersionDate "2023.05.31"]
[SourceQuality "1"]

1. Nf3 d5 2. g3 g6 3. Bg2 Bg7 4. c4 d4 5. 0-0 Nf6 6. e3 c5 7. exd4 cxd4 8. d3 Nc6 9. a3 a5 10. Nbd2 0-0 11. Rb1 a4 12. b4 axb3 13. Rxb3 Nd7 14. Rb5 Na7 15. Rb1 Nc5 16. Qc2 Bd7 17. Rb4 Nc8 18. Nb3 Ba4 19. Nfd2 Nd6 20. Qb1 Bxb3 21. Nxb3 Na6 22. Rb5 Nxb5 23. cxb5 Nc7 24. Bxb7 Rb8 25. Na5 Qd6 26. b6 Nd5 27. Nc4 Qc5 28. Bxd5 Qxd5 29. a4 Rfc8 30. Bd2 Rxc4 31. dxc4 Qxc4 32. a5 d3 33. Rc1 Qa6 34. Qb4 e6 35. Qc4 Qxc4 36. Rxc4 Bf6 37. Rb4 Bd8 38. Rb3 Kf8 39. Rxd3 Bxb6 40. axb6 Rxb6 41. Rd7 1-0

[Event "Badalona op 46th"]
[Site "Badalona"]
[Date "2022.08.09"]
[Round "8"]
[White "Vidarte Morales, Arturo"]
[Black "Gonzalez Perez, Arian"]
[Result "1/2-1/2"]
[WhiteElo "2291"]
[BlackElo "2429"]
[PlyCount "89"]
[EventDate "2022.08.02"]
[EventType "swiss"]
[EventRounds "9"]
[EventCountry "ESP"]
[SourceTitle "CBM 209 Extra"]
[Source "ChessBase"]
[SourceDate "2022.09.30"]
[SourceVersion "1"]
[SourceVersionDate "2022.09.30"]
[SourceQuality "1"]

1. Nf3 Nf6 2. g3 g6 3. Bg2 Bg7 4. 0-0 0-0 5. c4 d6 6. Nc3 Nc6 7. d3 e5 8. Rb1 Bg4 9. Bg5 Qd7 10. Bxf6 Bxf6 11. b4 Bg7 12. b5 Ne7 13. Nd2 Rab8 14. Qc2 h5 15. e4 h4 16. Nd5 hxg3 17. hxg3 Nxd5 18. cxd5 f5 19. f3 Bh5 20. Bh3 Bh6 21. Nc4 a6 22. a4 axb5 23. axb5 Ra8 24. Qg2 Bg4 25. Qh1 Bxh3 26. Qxh3 Kg7 27. Rf2 Ra4 28. exf5 gxf5 29. Rh2 Rh8 30. Kh1 b6 31. Ne3 Kf6 32. g4 Bg7 33. Qg2 Rxh2+ 34. Qxh2 fxg4 35. Qh4+ Kf7 36. fxg4 Rf4 37. Qh5+ Kg8 38. Nf5 Qf7 39. Qxf7+ Kxf7 40. Rc1 Bf8 41. Rxc7+ Kf6 42. Rc8 Kf7 43. Rc7+ Kf6 44. Rc8 Kf7 45. Rc7+ 1/2-1/2

[Event "Badalona op 46th"]
[Site "Badalona"]
[Date "2022.08.06"]
[Round "5"]
[White "Vidarte Morales, Arturo"]
[Black "Berdayes Ason, Dylan Isidro"]
[Result "0-1"]
[WhiteElo "2291"]
[BlackElo "2489"]
[PlyCount "136"]
[EventDate "2022.08.02"]
[EventType "swiss"]
[EventRounds "9"]
[EventCountry "ESP"]
[SourceTitle "CBM 209 Extra"]
[Source "ChessBase"]
[SourceDate "2022.09.30"]
[SourceVersion "1"]
[SourceVersionDate "2022.09.30"]
[SourceQuality "1"]

1. c4 e5 2. Nc3 Nf6 3. g3 Bb4 4. Bg2 0-0 5. e4 Bxc3 6. bxc3 c6 7. Ne2 d5 8. cxd5 cxd5 9. exd5 Nxd5 10. 0-0 Nc6 11. Qb3 Nb6 12. d4 Be6 13. Qd1 Bd5 14. dxe5 Bxg2 15. Kxg2 Nxe5 16. Qxd8 Rfxd8 17. Be3 Nbc4 18. Bd4 Nc6 19. a4 Rd7 20. Ra2 f6 21. Rb1 b6 22. h4 Kf7 23. h5 Rad8 24. Rb5 Nd6 25. Rb1 Nf5 26. Rb5 Rd5 27. Rb1 Ra5 28. Rb5 Rd5 29. Rab2 Nd6 30. Rxd5 Rxd5 31. h6 g5 32. Ra2 Ra5 33. Nc1 Nf5 34. Nb3 Rd5 35. Rc2 Nxh6 36. Kf3 Na5 37. Ke4 Rf5 38. Nd2 Nc6 39. Nc4 Kg6 40. f3 g4 41. Ne3 Ra5 42. fxg4 Nxg4 43. Nxg4 f5+ 44. Kf4 fxg4 45. Re2 Kf7 46. Kxg4 Rxa4 47. Re4 Nxd4 48. cxd4 Kf6 49. Kf3 Ra3+ 50. Kf2 h5 51. Re8 Rd3 52. Ra8 a5 53. Rh8 Rb3 54. Ke2 a4 55. Rxh5 a3 56. Rh8 b5 57. Ra8 Rb2+ 58. Kd3 b4 59. Kc4 a2 60. Ra6+ Ke7 61. Ra7+ Kd6 62. Ra6+ Kc7 63. d5 b3 64. d6+ Kd7 65. Kc5 Rc2+ 66. Kd5 Rd2+ 67. Kc5 b2 68. Rxa2 Rc2+ 0-1

[Event "Badalona op 46th"]
[Site "Badalona"]
[Date "2022.08.05"]
[Round "4"]
[White "Vidarte Morales, Arturo"]
[Black "Doraszelski, Alexander"]
[Result "1-0"]
[WhiteElo "2291"]
[BlackElo "2060"]
[PlyCount "54"]
[EventDate "2022.08.02"]
[EventType "swiss"]
[EventRounds "9"]
[EventCountry "ESP"]
[SourceTitle "CBM 209 Extra"]
[Source "ChessBase"]
[SourceDate "2022.09.30"]
[SourceVersion "1"]
[SourceVersionDate "2022.09.30"]
[SourceQuality "1"]

1. c4 e6 2. d4 d5 3. Nf3 c5 4. cxd5 exd5 5. g3 Nc6 6. Bg2 Nf6 7. 0-0 Be7 8. Nc3 0-0 9. Bf4 c4 10. Ne5 Bf5 11. b3 Qa5 12. Bd2 Bb4 13. Nxd5 Nxd5 14. Nxc4 Qd8 15. e4 Nc3 16. Bxc3 Bxc3 17. Rc1 Bxe4 18. Bxe4 Bxd4 19. Qf3 Rc8 20. Rfd1 Kh8 21. Bxc6 bxc6 22. Ne5 c5 23. Nxf7+ Kg8 24. Nxd8 Rxf3 25. Rxd4 cxd4 26. Rxc8 Rf8 27. Kf1 Re8 1-0

[Event "Catalunya-chT Gp1"]
[Site "Barcelona"]
[Date "2022.03.19"]
[Round "9.4"]
[White "Delisau Gil, Oriol"]
[Black "Vidarte Morales, Arturo"]
[Result "1/2-1/2"]
[WhiteElo "2229"]
[BlackElo "2307"]
[PlyCount "132"]
[EventDate "2022.01.22"]
[EventType "team-tourn"]
[EventRounds "9"]
[EventCountry "ESP"]
[SourceTitle "CBM 208 Extra"]
[Source "ChessBase"]
[SourceDate "2022.07.31"]
[SourceVersion "1"]
[SourceVersionDate "2022.07.31"]
[SourceQuality "1"]
[WhiteTeam "Sant Andreu"]
[BlackTeam "Mollet"]
[WhiteTeamCountry "ESP"]
[BlackTeamCountry "ESP"]

1. d4 f5 2. Nf3 Nf6 3. g3 g6 4. b3 Bg7 5. Bb2 d6 6. Nbd2 0-0 7. c4 e5 8. dxe5 Ng4 9. Bg2 Nc6 10. h3 Nh6 11. b4 Nxe5 12. Qb3 Nhf7 13. 0-0 Qe7 14. Nd4 g5 15. Rac1 c6 16. b5 c5 17. N4f3 f4 18. gxf4 gxf4 19. Kh2 Be6 20. Rg1 Kh8 21. Nxe5 Nxe5 22. Nf3 Rad8 23. Nxe5 Bxe5 24. Bxe5+ dxe5 25. Bd5 Bxd5 26. cxd5 b6 27. Rcd1 Qf6 28. Rg4 Rg8 29. Rxg8+ Rxg8 30. Rg1 Rxg1 31. Kxg1 e4 32. Qd1 Qd6 33. f3 e3 34. Qd3 Kg8 35. Qe4 Kg7 36. Kf1 Qf6 37. Qe8 Kh6 38. Qd7 Qa1+ 39. Kg2 Qg7+ 40. Qg4 Qg6 41. h4 Kg7 42. d6 Kf7 43. d7 Ke7 44. Kh3 c4 45. Qxf4 Qe6+ 46. Kg3 Kxd7 47. Qd4+ Kc7 48. Kf4 Qh6+ 49. Kg4 Qg6+ 50. Kf4 Qh6+ 51. Ke5 Qh5+ 52. Ke6 Qe8+ 53. Kd5 Qxb5+ 54. Ke4 Qe8+ 55. Kd5 Qf7+ 56. Ke4 Qe6+ 57. Kf4 a5 58. Qg7+ Qd7 59. Qxd7+ Kxd7 60. Kxe3 a4 61. Kd4 b5 62. e4 Ke6 63. f4 h5 64. Kc3 Kd6 65. Kd4 Ke6 66. Kc3 Kd6 1/2-1/2

[Event "Catalunya-chT Gp1"]
[Site "Barcelona"]
[Date "2022.02.26"]
[Round "6.4"]
[White "Vidarte Morales, Arturo"]
[Black "Mayo Casademont, Marti"]
[Result "1-0"]
[WhiteElo "2307"]
[BlackElo "2230"]
[PlyCount "47"]
[EventDate "2022.01.22"]
[EventType "team-tourn"]
[EventRounds "9"]
[EventCountry "ESP"]
[SourceTitle "CBM 208 Extra"]
[Source "ChessBase"]
[SourceDate "2022.07.31"]
[SourceVersion "1"]
[SourceVersionDate "2022.07.31"]
[SourceQuality "1"]
[WhiteTeam "Mollet"]
[BlackTeam "Gerunda"]
[WhiteTeamCountry "ESP"]
[BlackTeamCountry "ESP"]

1. Nf3 Nf6 2. g3 d5 3. Bg2 e6 4. 0-0 c5 5. c4 dxc4 6. Na3 Nc6 7. Nxc4 Be7 8. b3 0-0 9. Bb2 Qc7 10. e3 Rd8 11. Qe2 Bd7 12. Rac1 Rac8 13. d4 cxd4 14. exd4 Be8 15. Rfd1 Qb8 16. Nfe5 b5 17. Bxc6 Bxc6 18. Nxf7 bxc4 19. Nxd8 Bxd8 20. Qxe6+ Kh8 21. Rxc4 Qb7 22. d5 Bd7 23. Qf7 Rxc4 24. Qf8+ 1-0

[Event "Zaragoza Helios 1st"]
[Site "Zaragoza"]
[Date "2022.02.11"]
[Round "9"]
[White "Vidarte Morales, Arturo"]
[Black "Quintin Navarro, Alberto"]
[Result "1/2-1/2"]
[WhiteElo "2307"]
[BlackElo "2398"]
[PlyCount "21"]
[EventDate "2022.02.06"]
[EventType "tourn"]
[EventRounds "9"]
[EventCountry "ESP"]
[EventCategory "3"]
[SourceTitle "CBM 207 Extra"]
[Source "ChessBase"]
[SourceDate "2022.05.31"]
[SourceVersion "1"]
[SourceVersionDate "2022.05.31"]
[SourceQuality "1"]

1. d4 d5 2. c4 e6 3. Nc3 Nf6 4. cxd5 exd5 5. Bg5 Be7 6. e3 0-0 7. Bd3 c6 8. Nge2 Nbd7 9. 0-0 Nh5 10. Bxe7 Qxe7 11. Qc2 1/2-1/2

[Event "Zaragoza Helios 1st"]
[Site "Zaragoza"]
[Date "2022.02.09"]
[Round "6"]
[White "Vasquez Schroder, Rodrigo Rafael"]
[Black "Vidarte Morales, Arturo"]
[Result "1/2-1/2"]
[WhiteElo "2493"]
[BlackElo "2307"]
[PlyCount "53"]
[EventDate "2022.02.06"]
[EventType "tourn"]
[EventRounds "9"]
[EventCountry "ESP"]
[EventCategory "3"]
[SourceTitle "CBM 207 Extra"]
[Source "ChessBase"]
[SourceDate "2022.05.31"]
[SourceVersion "1"]
[SourceVersionDate "2022.05.31"]
[SourceQuality "1"]

1. Nf3 f5 2. b3 d6 3. d4 Nf6 4. Bb2 g6 5. e3 c6 6. a4 a5 7. Bc4 e6 8. Nbd2 b6 9. 0-0 d5 10. Be2 Nbd7 11. Ng5 Nb8 12. Ndf3 Bd6 13. Ne5 Bxe5 14. dxe5 Ng8 15. Nf3 Ne7 16. Nd4 Qd7 17. Ba3 c5 18. Nb5 0-0 19. f4 Nbc6 20. Qe1 Ba6 21. Rd1 Na7 22. c4 Nxb5 23. axb5 Bb7 24. Rf3 Qe8 25. Rh3 Qf7 26. Bf3 Rad8 27. Qh4 1/2-1/2

[Event "Zaragoza Helios 1st"]
[Site "Zaragoza"]
[Date "2022.02.06"]
[Round "1"]
[White "Eizaguerri Floris, Maria"]
[Black "Vidarte Morales, Arturo"]
[Result "1/2-1/2"]
[WhiteElo "2215"]
[BlackElo "2307"]
[PlyCount "60"]
[EventDate "2022.02.06"]
[EventType "tourn"]
[EventRounds "9"]
[EventCountry "ESP"]
[EventCategory "3"]
[SourceTitle "CBM 207 Extra"]
[Source "ChessBase"]
[SourceDate "2022.05.31"]
[SourceVersion "1"]
[SourceVersionDate "2022.05.31"]
[SourceQuality "1"]

1. e4 c5 2. Nf3 e6 3. d4 cxd4 4. Nxd4 Nc6 5. Nc3 Qc7 6. g3 a6 7. Bg2 Nf6 8. 0-0 Nxd4 9. Qxd4 Bc5 10. Bf4 d6 11. Qd2 h6 12. Rad1 e5 13. Be3 Ke7 14. Bxc5 Qxc5 15. Nd5+ Nxd5 16. exd5 Bf5 17. c3 Rhe8 18. Rfe1 Kf8 19. b4 Qc7 20. Rc1 a5 21. a3 Qb6 22. Qb2 axb4 23. axb4 Ra4 24. Ra1 Rea8 25. Rxa4 Rxa4 26. Ra1 Qa7 27. Rxa4 Qxa4 28. Qc1 Bd3 29. h3 Bc4 30. Qd2 b5 1/2-1/2

[Event "Barcelona IM 19th"]
[Site "Barcelona"]
[Date "2021.08.05"]
[Round "9"]
[White "Vidarte Morales, Arturo"]
[Black "Garcia Ramos, Marcos"]
[Result "1-0"]
[WhiteElo "2329"]
[BlackElo "2216"]
[PlyCount "55"]
[EventDate "2021.07.28"]
[EventType "tourn"]
[EventRounds "9"]
[EventCountry "ESP"]
[EventCategory "1"]
[SourceTitle "CBM 203 Extra"]
[Source "ChessBase"]
[SourceDate "2021.09.30"]
[SourceVersion "1"]
[SourceVersionDate "2021.09.30"]
[SourceQuality "1"]

1. c4 e5 2. g3 Nf6 3. Nc3 Bb4 4. Bg2 0-0 5. d3 Nc6 6. e3 a5 7. Nge2 d6 8. a3 Bc5 9. 0-0 Bf5 10. h3 Qd7 11. Kh2 h6 12. b3 Rfe8 13. Bb2 Rad8 14. Nd5 Nxd5 15. cxd5 Ne7 16. d4 exd4 17. Nxd4 Bg6 18. Qd2 Bb6 19. Bc3 a4 20. b4 c6 21. dxc6 bxc6 22. Rac1 c5 23. Ne2 Qb5 24. Nf4 Bf5 25. e4 Bg6 26. Qb2 f6 27. Ne6 Rc8 28. Bxf6 1-0

[Event "Barcelona IM 19th"]
[Site "Barcelona"]
[Date "2021.08.02"]
[Round "6"]
[White "Lianes Garcia, Marcos"]
[Black "Vidarte Morales, Arturo"]
[Result "1-0"]
[WhiteElo "2395"]
[BlackElo "2329"]
[PlyCount "77"]
[EventDate "2021.07.28"]
[EventType "tourn"]
[EventRounds "9"]
[EventCountry "ESP"]
[EventCategory "1"]
[SourceTitle "CBM 203 Extra"]
[Source "ChessBase"]
[SourceDate "2021.09.30"]
[SourceVersion "1"]
[SourceVersionDate "2021.09.30"]
[SourceQuality "1"]

1. d4 Nf6 2. c4 g6 3. Nc3 d5 4. Nf3 Bg7 5. cxd5 Nxd5 6. e4 Nxc3 7. bxc3 0-0 8. Be2 c5 9. 0-0 b6 10. Rb1 Bb7 11. d5 Bxc3 12. h4 Nd7 13. Rb3 Bg7 14. h5 c4 15. Bxc4 Nc5 16. Re3 e5 17. hxg6 hxg6 18. Ree1 Rc8 19. Ng5 Bf6 20. Qg4 Kg7 21. f4 b5 22. fxe5 Bxe5 23. Qh4 Rh8 24. Rxf7+ Kg8 25. Rh7 Qd7 26. Rxh8+ Bxh8 27. Bxb5 Bd4+ 28. Be3 Qg7 29. d6 Nd7 30. Bxd7 Bxe3+ 31. Rxe3 Rc1+ 32. Re1 Rxe1+ 33. Qxe1 Qxd7 34. Qf1 Qg7 35. Ne6 Qh6 36. d7 Qe3+ 37. Qf2 Qc1+ 38. Kh2 Qh6+ 39. Kg3 1-0

[Event "Sant Boi Lorente Memorial 11th"]
[Site "Sant Boi de Llobregat"]
[Date "2021.06.20"]
[Round "5"]
[White "Vidarte Morales, Arturo"]
[Black "Munoz Pantoja, Miguel Angel"]
[Result "1/2-1/2"]
[WhiteElo "2329"]
[BlackElo "2453"]
[PlyCount "61"]
[EventDate "2021.06.20"]
[EventType "swiss"]
[EventRounds "8"]
[EventCountry "ESP"]
[SourceTitle "CBM 203 Extra"]
[Source "ChessBase"]
[SourceDate "2021.09.30"]
[SourceVersion "1"]
[SourceVersionDate "2021.09.30"]
[SourceQuality "1"]

1. d4 Nf6 2. c4 c5 3. Nf3 g6 4. Nc3 Bg7 5. e4 0-0 6. d5 d6 7. h3 e6 8. Bd3 exd5 9. cxd5 b5 10. Bxb5 Nxe4 11. Nxe4 Qa5+ 12. Nfd2 Qxb5 13. Nxd6 Qa6 14. N2c4 Nd7 15. 0-0 Ne5 16. Nxe5 Qxd6 17. Nc6 Bb7 18. Be3 Bxc6 19. dxc6 Qxc6 20. Rc1 Bxb2 21. Rxc5 Qe6 22. Qd5 Qxd5 23. Rxd5 a5 24. Rb1 Bc3 25. Rb3 Rfc8 26. Bc5 Bb4 27. Bxb4 axb4 28. Rxb4 Rxa2 29. Rf4 Rc7 30. h4 h5 31. g3 1/2-1/2

[Event "Sant Boi Lorente Memorial 11th"]
[Site "Sant Boi de Llobregat"]
[Date "2021.06.20"]
[Round "6"]
[White "Vidarte Morales, Arturo"]
[Black "Villa Izquierdo, Roberto"]
[Result "1-0"]
[WhiteElo "2329"]
[BlackElo "1924"]
[PlyCount "107"]
[EventDate "2021.06.20"]
[EventType "swiss"]
[EventRounds "8"]
[EventCountry "ESP"]
[SourceTitle "CBM 203 Extra"]
[Source "ChessBase"]
[SourceDate "2021.09.30"]
[SourceVersion "1"]
[SourceVersionDate "2021.09.30"]
[SourceQuality "1"]

1. c4 e5 2. g3 Nc6 3. Nc3 Bb4 4. Bg2 Bxc3 5. bxc3 d6 6. d3 f5 7. Nf3 Nf6 8. 0-0 0-0 9. a4 Qe8 10. e3 e4 11. Ne1 exd3 12. Nxd3 Kh8 13. c5 dxc5 14. Nxc5 b6 15. Nb3 Ba6 16. Re1 Rd8 17. Nd4 Ne4 18. Qc2 Ne5 19. f3 Bd3 20. Qb2 Nc4 21. Qb5 Nxc3 22. Qxe8 Rdxe8 23. Nb5 Nxb5 24. axb5 Na5 25. Bf1 Bxf1 26. Kxf1 Re5 27. Rb1 Rd8 28. Bb2 Rc5 29. Bd4 Rc2 30. Re2 Rxe2 31. Kxe2 Rd7 32. Rc1 c5 33. bxc6 Rc7 34. Be5 Rxc6 35. Rd1 Kg8 36. Rd7 Kf8 37. Bxg7+ Ke8 38. Rxa7 Rc2+ 39. Kd3 Rxh2 40. Bd4 Nc6 41. Rb7 Nb4+ 42. Kc4 Nc2 43. Rxb6 Ne1 44. f4 Rc2+ 45. Kd5 Rg2 46. Ke6 Kd8 47. Be5 Rc2 48. Kxf5 Ng2 49. e4 Ne3+ 50. Ke6 Rc8 51. f5 Nc4 52. Ra6 h5 53. f6 Ke8 54. Bf4 1-0

[Event "Santo Tirso IM"]
[Site "Santo Tirso"]
[Date "2020.08.16"]
[Round "5"]
[White "Rottenwohrer Suarez, Juan"]
[Black "Vidarte Morales, Arturo"]
[Result "1/2-1/2"]
[WhiteElo "2197"]
[BlackElo "2332"]
[PlyCount "84"]
[EventDate "2020.08.13"]
[EventType "tourn"]
[EventRounds "9"]
[EventCountry "POR"]
[EventCategory "4"]
[SourceTitle "CBM 197 Extra"]
[Source "ChessBase"]
[SourceDate "2020.09.30"]
[SourceVersion "1"]
[SourceVersionDate "2020.09.30"]
[SourceQuality "1"]

1. Nf3 Nf6 2. c4 e6 3. b3 d5 4. Bb2 Be7 5. g3 0-0 6. Bg2 c5 7. cxd5 exd5 8. d4 cxd4 9. 0-0 Nc6 10. Nxd4 Re8 11. Nc3 Bg4 12. h3 Be6 13. Rc1 Rc8 14. Kh2 Bf8 15. e3 Qd7 16. Nce2 Nxd4 17. Rxc8 Rxc8 18. Bxd4 Ne4 19. Nf4 a6 20. Qd3 Qb5 21. Qxb5 axb5 22. Bxe4 dxe4 23. Re1 Rc2 24. Re2 Rxe2 25. Nxe2 b4 26. Bb6 Bd7 27. Nd4 h5 28. Ba5 Bc5 29. Nc2 Bb5 30. Bxb4 Bd3 31. Bxc5 Bxc2 32. Kg2 f6 33. Kf1 Bb1 34. a3 Bc2 35. b4 Kf7 36. Ke2 Ba4 37. Kd2 Ke6 38. Kc3 Kd5 39. Bf8 g6 40. Bg7 f5 41. h4 b5 42. Bh8 Bd1 1/2-1/2

[Event "Santo Tirso IM"]
[Site "Santo Tirso"]
[Date "2020.08.14"]
[Round "3"]
[White "Espineira Gonzalez, Diego Adrian"]
[Black "Vidarte Morales, Arturo"]
[Result "0-1"]
[WhiteElo "2386"]
[BlackElo "2332"]
[PlyCount "124"]
[EventDate "2020.08.13"]
[EventType "tourn"]
[EventRounds "9"]
[EventCountry "POR"]
[EventCategory "4"]
[SourceTitle "CBM 197 Extra"]
[Source "ChessBase"]
[SourceDate "2020.09.30"]
[SourceVersion "1"]
[SourceVersionDate "2020.09.30"]
[SourceQuality "1"]

1. d4 Nf6 2. c4 g6 3. Nc3 Bg7 4. e4 d6 5. f3 0-0 6. Be3 c5 7. Nge2 Nbd7 8. d5 Ne5 9. Ng3 e6 10. Be2 exd5 11. cxd5 h5 12. 0-0 Nh7 13. Qd2 h4 14. Nh1 f5 15. Nf2 Re8 16. Rfe1 a6 17. a4 Bd7 18. a5 b5 19. axb6 Qxb6 20. Na4 Qb3 21. f4 Nf7 22. e5 Nxe5 23. fxe5 Bxe5 24. Nc3 Rab8 25. Nd3 Bg7 26. Bd1 Qb7 27. Ba4 Nf6 28. Bxd7 Nxd7 29. Ra4 Nf6 30. Rxh4 Ng4 31. Rxg4 fxg4 32. Nd1 Qxd5 33. Qc2 Qb3 34. Qd2 Qd5 35. Re2 Rb3 36. Nxc5 Qxd2 37. Rxd2 dxc5 38. Bxc5 Be5 39. g3 a5 40. Ba3 Bc7 41. Kg2 Bb6 42. Nf2 Bxf2 43. Rxf2 Rbe3 44. h3 Re2 45. hxg4 Rxf2+ 46. Kxf2 Kf7 47. Bc5 Re4 48. Kf3 Rc4 49. Bd6 Ke6 50. Bf8 Rc7 51. Ke4 Rc8 52. Bg7 Rc4+ 53. Kf3 Rb4 54. g5 Kd5 55. Bf6 a4 56. Ke3 Rg4 57. Kf3 Re4 58. Bc3 Re6 59. Kf4 Kc4 60. Be5 Kd3 61. g4 Re8 62. Bf6 Re4+ 0-1

[Event "Santo Tirso IM"]
[Site "Santo Tirso"]
[Date "2020.08.14"]
[Round "2"]
[White "Vidarte Morales, Arturo"]
[Black "Nagy, Gabor"]
[Result "1/2-1/2"]
[WhiteElo "2332"]
[BlackElo "2478"]
[PlyCount "31"]
[EventDate "2020.08.13"]
[EventType "tourn"]
[EventRounds "9"]
[EventCountry "POR"]
[EventCategory "4"]
[SourceTitle "CBM 197 Extra"]
[Source "ChessBase"]
[SourceDate "2020.09.30"]
[SourceVersion "1"]
[SourceVersionDate "2020.09.30"]
[SourceQuality "1"]

1. d4 d5 2. c4 e6 3. Nc3 a6 4. cxd5 exd5 5. Bf4 Nf6 6. e3 h6 7. Bd3 Bd6 8. Nge2 0-0 9. 0-0 Re8 10. Qc2 b6 11. Rac1 Bb7 12. h3 Nc6 13. a3 Bxf4 14. Nxf4 Qd6 15. Nfe2 Ne7 16. Ng3 1/2-1/2